书目信息 |
| 题名: |
台湾军情透视
|
|
| 作者: | 刘永新 主编 | |
| 分册: | ||
| 出版信息: | 北京 经济管理出版社 2000.04 |
|
| 页数: | 257页 | |
| 开本: | 20cm | |
| 丛书名: | ||
| 单 册: | ||
| 中图分类: | E289.58 | |
| 科图分类: | ||
| 主题词: | 民兵--中国 | |
| 电子资源: | ||
| ISBN: | 7-80118-565-X | |
| 000 | 00556nam0 2200193 45 | |
| 001 | 0007060991 | |
| 005 | 20000706093553.3 | |
| 010 | @a7-80118-565-X@d15.00元 | |
| 100 | @a20000706d2000 km y0chiy0120 ea | |
| 101 | 0 | @achi |
| 105 | @a z 000yy | |
| 200 | 1 | @a台湾军情透视@ATai Wan Jun Qing Tou Shi@f刘永新 主编@FLiu Yong Xin Zhu Bian |
| 210 | @a北京@c经济管理出版社@d2000.04 | |
| 215 | @a257页@c图@d20cm | |
| 606 | 0 | @a民兵@x中国 |
| 690 | @aE289.58@v3 | |
| 701 | 0 | @a刘永新@4主编 |
| 801 | @aCN@bPftUser@c20000706 | |
| 905 | @aBZT@b72348-349@dE289.58@e1@f2 | |
| 台湾军情透视/刘永新 主编.-北京:经济管理出版社,2000.04 |
| 257页:图;20cm |
| ISBN 7-80118-565-X:15.00元 |
| ● |
| 相关链接 |
|
|
|
正题名:台湾军情透视
索取号:E289.58/1
 
预约/预借
| 序号 | 登录号 | 条形码 | 馆藏地/架位号 | 状态 | 备注 |
| 1 | 72348 | 200710793 | 中心书库北库/ 北库005架A面1列2层25/ [索取号:E289.58/1] | 在馆 | |
| 2 | 72349 | 200710800 | 中心书库北库/ 北库005架A面1列2层24/ [索取号:E289.58/1] | 在馆 |